| 000 | 00859nam a2200253Ia 4500 | ||
|---|---|---|---|
| 003 | OSt | ||
| 005 | 20260327143006.0 | ||
| 008 | 210716s2010 xx 000 0 und d | ||
| 020 | _a9788126524631 | ||
| 040 | _cAIMIT LIBRARY | ||
| 041 | _aeng | ||
| 082 |
_a374.22 _21 _bHALG |
||
| 100 |
_aHaley, George T. _9259620 |
||
| 245 |
_aChinese tao of business : _blogic of successful business strategy / _cBy George T Haley, Usha C V Haley and Chin Tiong Tan. |
||
| 250 | _a1st ed. | ||
| 260 |
_aNew Delhi : _bWiley India Pvt Ltd , _c2010. |
||
| 300 |
_a329p. ; _bPB _c23.2 cm |
||
| 650 |
_aThe civilization chasm _9259621 |
||
| 650 |
_aThe ancestry of Chinese strategy _9259622 |
||
| 650 |
_aTravelling towards strategic convergence _9259623 |
||
| 700 |
_aHaley, Usha C V. _9259624 |
||
| 700 |
_aTan, Chin Tiong. _9259625 |
||
| 942 |
_2ddc _cBK _e1st _k374.22 HALG |
||
| 999 |
_c206991 _d206991 |
||